| 000 | 00506nam a2200181 a 4500 | ||
|---|---|---|---|
| 005 | 20231101063630.0 | ||
| 008 | 991125s1993 mx 000 0 spa u | ||
| 035 | _aUPN01000039974 | ||
| 049 | _aCG | ||
| 050 | 4 |
_aPQ7292 C7.6 _bM65 |
|
| 100 | 1 |
_aCross, Elsa, _d1946- _935510 |
|
| 245 | 1 | 0 |
_aMoira / _cElsa Cross |
| 260 |
_aMéxico : _bGobierno del Estado de Chiapas$bInstituto Chiapaneco de Cultura, _c1993 |
||
| 300 | _a95 p | ||
| 650 | 4 |
_aPoesía mexicana _91273 |
|
| 904 |
_aAC _b039976 |
||
| 905 | _aLibro | ||
| 999 |
_c39974 _d39974 |
||